[Event "DSOL 08 Liga Gr-A 1st"]
[Site "Playchess.com INT"]
[Date "2020.06.26"]
[Round "1.2"]
[White "Protiwa, Johannes"]
[Black "Klassen, Maxim"]
[Result "1-0"]
[WhiteElo "1123"]
[BlackElo "1000"]
[PlyCount "51"]
[EventDate "2020.06.22"]
[EventType "team-tourn (rapid)"]
[EventCountry "GER"]
[SourceTitle "EXT 2021"]
[Source "ChessBase"]
[SourceDate "2020.10.23"]
[SourceVersion "1"]
[SourceVersionDate "2020.10.23"]
[SourceQuality "1"]
[WhiteTeam "Herzogenaurach III"]
[BlackTeam "Zell Schwarz Weiss II"]
[WhiteTeamCountry "GER"]
[BlackTeamCountry "GER"]

1. d4 d5 2. c4 e6 3. Nc3 Bb4 4. e3 Nf6 5. Nf3 Nc6 6. Qa4 Bxc3+ 7. bxc3 0-0 8. Be2 Ne4 9. Bd2 Nxd2 10. Nxd2 e5 11. 0-0 e4 12. cxd5 Qxd5 13. Bc4 Qg5 14. Nxe4 Qg6 15. Ng3 Be6 16. Rfd1 Ne7 17. Bd3 Bf5 18. Nxf5 Nxf5 19. g3 Qh5 20. Qb5 Nd6 21. Qxh5 g6 22. Qh6 b5 23. f4 Rfe8 24. f5 Rxe3 25. f6 Rae8 26. Qg7# 1-0